000
00290nam a2200133Ia 4500
100
_a
Hicks/H.G & Gullett/C.R
942
_c
BK
654
_a
Business
245
_a
Modern Business Management
260
_b
McGraw Hill
_a
Tokyo
_c
1974
082
_a
658.4
300
_a
536
546
_a
ENGLISH
999
_c
28636
_d
28636